| 000 | 00578nam a2200181Ia 4500 | ||
|---|---|---|---|
| 008 | 151018s9999 xx 000 0 und d | ||
| 082 |
_bRBASDV60006 _a305.8 |
||
| 100 | _ap t gyamtso | ||
| 245 | _athe history religon culture and thaditins of bhutia communties | ||
| 250 | _b1 | ||
| 260 |
_bkastari bhattacharya kolkata _c2011 |
||
| 300 | _a128 | ||
| 600 | _ap t gyamtso | ||
| 630 | _athe history religon culture and thaditins of bhutia communties | ||
| 700 | _ap t gyamtso | ||
| 730 | _athe history religon culture and thaditins of bhutia communties | ||
| 942 | _cBOOK | ||
| 999 |
_c1053624 _d1053621 |
||